Airline Hubs A-Z - Statistics

General Stats
  • This quiz has been taken 168 times
  • The average score is 21 of 26
Answer Stats
Hint Airline Answer % Correct
L British Airways London-Heathrow
98%
B Air China Beijing
97%
D Air India Delhi
97%
H Cubana Havana
95%
I Turkish Airlines Istanbul
95%
F Lufthansa Frankfurt
94%
A Etihad Airways Abu Dhabi
93%
J Garuda Indonesia Jakarta
92%
O Scandinavian Airlines Oslo
91%
V Air Canada Vancouver
91%
G China Southern Guangzhou
85%
K Pakistan International Airlines Karachi
84%
R Saudia Riyadh
82%
W United Airlines Washington D.C
82%
N JetBlue New York-JFK
81%
M Oman Air Muscat
80%
U MIAT Mongolian Ulaanbaatar
80%
P Alaska Airlines Portland (OR)
72%
C American Airlines Charlotte
69%
S LATAM Santiago de Chile
69%
T EVA Air Taipei-Taoyuan
69%
E WestJet* Edmonton
67%
X Hainan Airlines Xi'an
66%
Q TAME Quito
50%
Y Ural Airlines Yekaterinburg
44%
Z Zanair Zanzibar
39%
No matching quizzes found
Score Distribution
Percent of People with Each Score
Percentile by Number Answered
Your Score History
You have not taken this quiz